Statistics for Countries with 'y' s

Click here to take the quiz!

General Stats

  • This quiz has been taken 34 times
    (7 since last reset)
  • The average score is 11 of 20

Answer Stats

Answer% Correct
Libya
86%
Syria
86%
Turkey
86%
Myanmar
71%
Norway
71%
Paraguay
71%
Uruguay
71%
Yemen
71%
Egypt
57%
Guyana
57%
Hungary
57%
Italy
57%
Kenya
57%
Malaysia
57%
Cyprus
43%
Germany
43%
Ivory coast
29%
Kyrgyzstan
29%
Seychelles
29%
Vatican City / Holy See
14%

Score Distribution

Percentile by Number Answered

Percent of People with Each Score

Your Score History

You have not taken this quiz since the last reset